Регионална библиотека "Любен Каравелов" - Русе

Конкурентни стратегии в туризма (Запис номер 71347)

MARC детайли
000 -Лидер
Контролно поле с фиксирана дължина 01593nam a2200337 c 4500
003 - Код на организацията, давaща контролен номер
Контролно поле BLK
005 - Дата и час на последна редакция
Контролно поле 20210920145643.0
008 - Елементи от данни с фиксирана дължина
fixed length control field 180408b bul|||||r ||||||| ||bul||
010 ## - Наследен системен номер
LC control number KNG00075715000
020 ## - Международен стандартен номер на книга ISBN
Международен стандартен номер на книга ISBN 954-8401-46-0
-- издат.: Тракия-М
040 ## - Източник на каталожния запис
Идентификатор на билиотеката - собственик на записа BLK
041 ## - Код за език
Код за езика на текст/звукозапис или на отделно заглавие Български
Код за езика КДБФ Български
080 ## - УДК
Текстов определител УДК Туризмът от стопанско гледище. Политика по отношение на туризма. Икономика и организация на туризма. Вътрешен и международен туризъм. Вж и 379.8
УДК код - определител по УДК 338.48
УДК определител
УДК - код + определител 338.48
080 ## - УДК
Текстов определител УДК Пазар. Анализ на пазара. Търсене. Предлагане. Конкуренция. Маркетингова логистика
УДК код - определител по УДК 339.13
УДК определител
УДК - код + определител 339.13
139 ## - Редно поле
Редна дума Конкурентни стратегии в туризма
Авторски знак Кон - К 81
245 10 - Сведения за заглавието
Заглавие Конкурентни стратегии в туризма
Редно поле (дума) под ред. на Манол Николов Рибов.
257 ## - Страна на издаване
Страна на създаване/издаване България
260 ## - Област на издателските данни
-- София
Име на издателя, разпространителя и проч. Тракия-М
Година на издаване 2005
300 ## - Физическа характеристика
Страници 419 с.
Размери/Мащаб 26 см
380 ## - Жанр
Жанр Обществени науки
650 #4 - Допълнително описание по предмет – тема
Основно описание – тема или топоним Туризъм - икономика и организация
9 (RLIN) 263794
650 #4 - Допълнително описание по предмет – тема
Основно описание – тема или топоним Туризъм, международен - маркетингова дейност
9 (RLIN) 262288
653 ## - Ключова дума – ненормативна
Ключова дума туризъм
653 ## - Ключова дума – ненормативна
Ключова дума маркетинг
700 1# - Други автори (авторска отговорност)
Лично име Рибов, Манол Николов
Автороска отговорност (Описва отношението между автора и произведението) под ред. на
9 (RLIN) 368498
852 ## - Местоположение
Форматна сигнатура Цб ІІ 14617
856 4# - Електронен адрес и достъп
Електронен формат pdf - файл
Път до файла /url/
856 4# - Електронен адрес и достъп
Електронен формат pdf - файл
Път до файла /url/
942 ## - АРТИКУЛИ
Вид на библиотечния материал Книги
Скрит в OPAC Не
Koha issues (borrowed), all copies 1
944 ## - СЪЗДАВАНЕ И РЕДАКЦИЯ на ЗАПИСА
Създаване/Редакция Създаване
Дата на регистрацията/редакция 14.06.2007
Служител, извършил регистрацията/редакцията Валя_Йорданова
944 ## - СЪЗДАВАНЕ И РЕДАКЦИЯ на ЗАПИСА
Създаване/Редакция Редакция
Дата на регистрацията/редакция 14.08.2009
Служител, извършил регистрацията/редакцията
999 ## - СИСТЕМНИ КОНТРОЛНИ НОМЕРА
Koha biblionumber 71347
Koha biblioitemnumber 71347
Наличности
Код за отписване Код за изгубен артикул Код за повреда Коз за рестрикции Код за отдаване Артикулен № Име на библиотеката - собственик Име на библиотеката, в която се намира в момента Статус (Текущо местоположение) Дата на вписване в системата Местоположение - отдел Цена в лева Инвентарен номер Систематично азбучна сигнатура Баркод Номер на екземпляра Цена в евро Служебна бележка Служебен тип на артикула Източник на класификационната схема
  Не е изгубен Не е повреден без рестрикции ползва се в читалня 116451 Регионална библиотека "Любен Каравелов" Русе Регионална библиотека "Любен Каравелов" Русе Читалня 2007-06-14 Читалня 15.00 120000714587 Ч 338.4/К 81 120000714587 1 7.67 Дост: Pk Вид: Ф N: 401173 Дата: 05.06.2007 Дата инв: 23.03.2017 Бележки инв: Ч2017 Книги  
  Не е изгубен Не е повреден без рестрикции заемане за дома 116452 Регионална библиотека "Любен Каравелов" Русе Регионална библиотека "Любен Каравелов" Русе Заемна - подръчен фонд 2009-08-14 Заемна - подръчен фонд 23.00 120000737337 П 338.4/К 81 120000737337 2 11.76 Дост: Pk Вид: Ф N: 19171 Дата: 06.08.2009 Дата инв: 05.02.2018 Бележки инв: П2018 Книги Universal Decimal Classification
Vip Innovations Ltd, Rousse, Bulgaria 2025